| 000 | 02165nam a2200553 c 4500 | ||
|---|---|---|---|
| 001 | 52349 | ||
| 003 | ES-MaCES | ||
| 005 | 20251115040005.0 | ||
| 007 | cr ||||||||||| | ||
| 008 | 220704s2019 sp 000 ||spa d | ||
| 017 |
_aNA 647-2019 _bDL |
||
| 020 | _a9788413093727 | ||
| 020 | _a9788413093741 (electrónico) | ||
| 040 |
_aES-MaCES _bspa _cES-MaCES |
||
| 041 | 0 |
_aspa _aeng |
|
| 245 | 0 | 0 |
_a4ª revolución industrial _p[V. 2] : la fiscalidad de la sociedad digital y tecnológica en España y Latinoamérica _cCésar García Novoa (dir.) ; [autores], Christian Blanche ... [et al.] |
| 250 | _a1ª ed | ||
| 260 |
_aCizur Menor (Navarra) _bAranzadi-Thomson Reuters _c2019 |
||
| 300 |
_a388 p. _c24 cm |
||
| 490 | 1 | _aEstudios | |
| 500 | _aTextos en español e inglés | ||
| 500 | _aLa obra constituye el 2º volumen de una serie de estudios jurídicos, económicos y filosóficos sobre el impacto de la 4ª Revolución industrial | ||
| 500 | _aDisponible en formato electrónico mediante la aplicación PROVIEW | ||
| 504 | _aBibliografía | ||
| 541 | _cCompra | ||
| 650 | 4 |
_aadministración fiscal _927209 |
|
| 650 | 4 |
_aimpuesto _928086 |
|
| 650 | 4 |
_atributación _928093 |
|
| 650 | 4 |
_anuevas tecnologías _930788 |
|
| 650 | 4 |
_atecnología de la información _930104 |
|
| 650 | 4 |
_arobot industrial _929509 |
|
| 650 | 4 |
_acambio tecnológico _928236 |
|
| 650 | 4 |
_adesarrollo industrial _927623 |
|
| 650 | 4 |
_aeconomía colaborativa _937923 |
|
| 650 | 4 |
_acambio social _927286 |
|
| 650 | 4 |
_aevaluación del impacto _930732 |
|
| 650 | 4 |
_aEspaña _926964 |
|
| 650 | 4 |
_aUE _926752 |
|
| 650 | 4 |
_aAmérica Latina _926882 |
|
| 650 | 4 |
_aestudio de casos _928846 |
|
| 653 | 1 | 0 | _aFiscalidad |
| 700 | 1 |
_913004 _aGarcía Novoa, César _edir. |
|
| 700 | 1 |
_940413 _aBlanche, Christian |
|
| 787 | 0 |
_t4ª revolución industrial [V. 1] : impacto de la automatización y la inteligencia artificial en la sociedad y la economía digital _w(ES-MaCES)51132 |
|
| 830 | 0 |
_aEstudios (Thomson Reuters-Aranzadi) _934937 |
|
| 856 | 4 |
_uhttps://miespacio.aranzadilaley.es/Account/Login _yLegalteca |
|
| 902 | _aLIB Libro | ||
| 942 |
_2CES _cBK _h0.1. |
||
| 999 |
_c52349 _d52349 |
||